| 000 | 00506nam a2200157 4500 | ||
|---|---|---|---|
| 999 |
_c19424 _d19424 |
||
| 008 | 180104b xxu||||| |||| 00| 0 eng d | ||
| 020 | _a9780879679392 | ||
| 082 |
_aDC 330.05 _bM58 1991 |
||
| 245 |
_aMicroeconomics 91/92 / _cedited by Don Cole. |
||
| 250 | _aThe annual edition series. | ||
| 260 |
_aGuilford, CT : _bDushkin Pub. Group, _c©1991. |
||
| 300 |
_a243 pages : _billustrations . ; _c28 cm. |
||
| 500 | _aIncludes index. | ||
| 650 | 0 |
_925397 _aMicroeconomics _vPeriodicals. |
|
| 942 |
_2ddc _cDC |
||